00577nam a2200169Ia 4500008004000000020001800040082001300058100002400071245003800095260004600133300001200179690002100191700002800212906001100240999001700251952013900268210210b1995 xxu||||| |||| 00| 0 eng d a81 7100 709 0 a320 MUKP aMUKHERJEE (Subrata) aPolitical science annual 1994-95. aNew DelhibDeep & Deep Publicationsc1995 axvi,459 aPolitical Theory aRAMASWAMY (Sushila) Ed. a050707 c99392d99392 001040708Political ScienceaALbALcPolitical Scienced2021-02-17g450.00l0o320 MUKPp050707r2021-02-17 00:00:00w2021-02-17yBK